<?xml version="1.0" encoding="UTF-8"?>
<collection xmlns="http://www.loc.gov/MARC21/slim">
  <record>
    <leader>00000nam  2200000   4500</leader>
    <controlfield tag="001">INLIS000000000000274</controlfield>
    <controlfield tag="005">20190524094602</controlfield>
    <datafield tag="035" ind1="#" ind2="#">
      <subfield code="a">0010-0718000274</subfield>
    </datafield>
    <controlfield tag="008">190524################f##########0#ind##</controlfield>
    <datafield tag="020" ind1="#" ind2="#">
      <subfield code="a">9789797098469</subfield>
    </datafield>
    <datafield tag="041" ind1=" " ind2=" ">
      <subfield code="a">id</subfield>
    </datafield>
    <datafield tag="082" ind1="#" ind2="#">
      <subfield code="a">613.04.</subfield>
    </datafield>
    <datafield tag="090" ind1=" " ind2=" ">
      <subfield code="a">613.04.Sad.m</subfield>
    </datafield>
    <datafield tag="100" ind1=" " ind2="#">
      <subfield code="a">Sadli, Saparinah</subfield>
    </datafield>
    <datafield tag="245" ind1="1" ind2="#">
      <subfield code="a">Menjadi Perempuan Sehat Dan Produktif Di Usia Lanjut /</subfield>
      <subfield code="c">Saparinah Sadli</subfield>
    </datafield>
    <datafield tag="260" ind1="#" ind2="#">
      <subfield code="a">Jakarta :</subfield>
      <subfield code="b">Kompas Media,</subfield>
      <subfield code="c">2014</subfield>
    </datafield>
    <datafield tag="650" ind1=" " ind2="#">
      <subfield code="a">Produktif, perempuan</subfield>
    </datafield>
    <datafield tag="084" ind1="#" ind2="#">
      <subfield code="a">613.04. Sad m</subfield>
    </datafield>
    <datafield tag="250" ind1="#" ind2="#">
      <subfield code="a">edisi kedua</subfield>
    </datafield>
    <datafield tag="300" ind1="#" ind2="#">
      <subfield code="a">xxx, 138 hlm. :</subfield>
      <subfield code="b">ilus ;</subfield>
      <subfield code="c">23 cm</subfield>
    </datafield>
    <datafield tag="520" ind1="#" ind2="#">
      <subfield code="a">Pusaka tentang golongan perempuan lanjut usia (lansia), khususnya mereka yang di usia senja masih memiliki hidup yang bermakna dan bermanfaat. Entah kenapa, kehidupan dan suara perempuan apalagi kaum lansia jarang dicatat dan dibahas. Padahal, jumlah mereka yang tergolong masih sehat dan produktif terus meningkat dan menjadi bagian dari fenomena sosial Indonesia masa kini. Sudah banyak diketahui, secara umum harapan hidup perempuan Indonesia lebih besar ketimbang kaum laki-lakinya. Hal ini terjadi mungkin karena kaum perempuan memiliki minat lebih besar pada berbagai resep untuk bisa tetap sehat dan bugar di usia lanjut. Saparinah Sadli juga seorang lansia yang masih sangat aktif. Ia merekam pengalaman hidup sejumlah perempuan sebayanya sebagai bentuk penghayatan subyektif tentang diri, serta dalam rangka memaknai berbagai kesempatan yang terbuka justru karena usianya yang telah lanjut. Sebuah tema penelitian yang jarang menarik perhatian para periset perempuan maupun laki-laki yang rata-rata belum tergolong lansia.</subfield>
    </datafield>
    <datafield tag="856" ind1="#" ind2="#">
      <subfield code="a">Perpustakaan Lembaga Administrasi Negara</subfield>
    </datafield>
    <datafield tag="990" ind1="#" ind2="#">
      <subfield code="a">18284</subfield>
    </datafield>
    <datafield tag="990" ind1="#" ind2="#">
      <subfield code="a">18285</subfield>
    </datafield>
    <datafield tag="990" ind1="#" ind2="#">
      <subfield code="a">160518284</subfield>
    </datafield>
    <datafield tag="990" ind1="#" ind2="#">
      <subfield code="a">18285</subfield>
    </datafield>
    <datafield tag="990" ind1="#" ind2="#">
      <subfield code="a">160518285</subfield>
    </datafield>
    <datafield tag="990" ind1="#" ind2="#">
      <subfield code="a">160518284</subfield>
    </datafield>
  </record>
</collection>
